000 00563nam a2200217 a 4500
001 BRL_701
005 20190320210847.0
008 270913s1958----gw-#######---#000-0#ger-#
041 _ager
044 _agw
050 4 _aG180
_b.K38 1958
100 1 _aKatz, Richard
_924683
245 1 0 _aGruss aus der Hängematte
_bheitere Erinnerungen
_cRichard Katz.
260 _aRüschlikon (Zürich)
_bAlbert Müller
_c1958
300 _a325 p.
_c22 cm.
500 _aAu763
500 _aContiene una carta.
650 1 4 _aViajes
_94544
902 _aGRL
942 _2lcc
_cB
999 _c9513
_d9513